000 00733cab a2200253 4500
001 ABS47400
008 090401t1992 xxu||||| |||| 00| 0 eng d
035 _a(Sirsi) u61820
041 _aeng
100 _aWinstone, P.
245 _aSpontaneous fracture of toughened glass
260 _c1992
350 _a0
490 _aCS Monthly
_bthe Building Surveyor
_v2(3) November 1992, 5(1)
520 _aExamines the problem of spontaneous fracture of glass due to nickel sulphide inclusions.
650 _aBUILDING DEFECTS
650 _aFAILURE
650 _aGLASS AND GLAZING
650 _aGLASS
650 _aSPONTANEOUS FRACTURE
690 _aBUILT ENVIRONMENT-BUILDING PATHOLOGY
942 _n0
948 _c04/03/1997
999 _c38338
_d38338